Miasta na Ukrainie - Nagła Śmierć - Statystyki

Ogólne statystyki
  • Ten quiz został rozwiązany 293 razy
    48 od ostatniego zresetowania
  • Średni wynik to 15 z 26
Answers on the Grid
Answers color-coded by a green-red scale on the quiz's grid according to % correct below.
Bar
Biała Cerkiew
Bobrujsk
Budva
Charków
Chersoń
Chmielnicki
Czarnobyl
Czerkasy
Czernihów
Dniepr
Donieck
Dyneburg
Homel
Iwano-Frankiwsk
Kamieńskie
Kijów
Kiszyniów
Konstanca
Kropywnycki
Krzywy Róg
Kumanowo
Łuck
Lwów
Mariupol
Mikołajów
Murmańsk
Nisz
Odessa
Płowdiw
Połtawa
Prilep
Równe
Ruse
Sumy
Tarnopol
Tyraspol
Ufa
Wełes
Wielkie Łuki
Winnica
Witebsk
Woroneż
Zaporoże
Żytomierz
 
Statystyki odpowiedzi
Odpowiedź % Poprawnych
Czarnobyl
83%
Charków
81%
Donieck
78%
Kijów
78%
Lwów
78%
Odessa
75%
Chersoń
72%
Dniepr
72%
Mariupol
72%
Zaporoże
72%
Krzywy Róg
64%
Chmielnicki
56%
Czernihów
56%
Łuck
56%
Mikołajów
56%
Żytomierz
56%
Iwano-Frankiwsk
53%
Równe
50%
Winnica
50%
Połtawa
44%
Biała Cerkiew
42%
Sumy
42%
Tarnopol
42%
Czerkasy
39%
Kropywnycki
31%
Kamieńskie
22%
Nie znaleziono quizów pasujących do podanych kryteriów
Rozkład punktacji
Procent ludzi z każdym wynikiem
Percentyl według liczby udzielonych odpowiedzi
Twoja historia wyników
Nie rozwiązałeś tego quizu od ostatniego zresetowania